Statistics for All Goalkeepers to win the Champions League

Click here to take the quiz!

General Stats

  • This quiz has been taken 42 times
  • The average score is 10 of 11

Answer Stats

YearAnswer% Correct
2019-2020Manuel Neuer
100%
2012-2013Mauel Neuer
100%
2015-2016Keylor Navas
97%
2016-2017Keylor Navas
97%
2017-2018Keylor Navas
97%
2013-2014Iker Casillas
89%
2011-2012Peter Cech
89%
2010-2011Victor Valdes
87%
2014-2015Marc-Andre Ter Stegen
82%
2018-2019Alisson Becker
71%
2009-2010Julio Cesar
71%

Score Distribution

Percentile by Number Answered

Percent of People with Each Score

Your Score History

You have not taken this quiz